[Event "ROM-ch U12 Girls"]
[Site "Calimanesti"]
[Date "2014.04.13"]
[Round "9"]
[White "Lacraru, Karina Ioana"]
[Black "Mineo, Dana"]
[Result "1-0"]
[WhiteElo "1126"]
[BlackElo "1001"]
[PlyCount "125"]
[EventDate "2014.04.06"]
[EventType "swiss"]
[EventRounds "9"]
[EventCountry "ROU"]
[SourceTitle "CBM 160 Extra"]
[Source "ChessBase"]
[SourceDate "2014.07.01"]
[SourceVersion "1"]
[SourceVersionDate "2014.07.01"]
[SourceQuality "1"]

1. e4 c6 2. Nc3 e5 3. Nf3 f6 4. Be2 d5 5. d3 Bb4 6. Bd2 d4 7. Nb1 Bxd2+ 8. Qxd2 Ne7 9. c3 Bg4 10. 0-0 0-0 11. h3 Bxf3 12. Bxf3 f5 13. c4 fxe4 14. Bxe4 Nd7 15. Re1 Nc5 16. b4 Nxe4 17. Rxe4 Qc7 18. Na3 a5 19. b5 c5 20. Rb1 b6 21. Rbe1 Ng6 22. g3 Rae8 23. f4 Re7 24. Qe2 Rfe8 25. f5 Nf8 26. Rg4 Kf7 27. Qd2 Qb7 28. Qg5 Ng6 29. fxg6+ hxg6 30. Rf1+ Kg8 31. Qxg6 e4 32. Rf6 exd3 33. Qxd3 Rf7 34. Qg6 Re1+ 35. Kf2 Ra1 36. Qxf7+ Qxf7 37. Rxf7 Kxf7 38. Rf4+ Ke6 39. Re4+ Kf5 40. Re2 d3 41. Rd2 Ke4 42. h4 Kd4 43. Rc2 Rd1 44. Rb2 d2 45. Ke2 Kc3 46. Rb1 Rxb1 47. Nxb1+ Kc2 48. Nxd2 a4 49. g4 a3 50. h5 Kb2 51. Nb3 Kxa2 52. Nc1+ Kb2 53. Nd3+ Kb3 54. Nc1+ Kxc4 55. g5 Kb4 56. h6 gxh6 57. gxh6 Kc3 58. h7 Kb2 59. h8Q+ Kxc1 60. Qc3+ Kb1 61. Qxa3 c4 62. Qc3 Ka2 63. Qxc4+ 1-0

[Event "ROM-ch U12 Girls"]
[Site "Calimanesti"]
[Date "2014.04.11"]
[Round "7"]
[White "Mineo, Dana"]
[Black "Lazar, Irina Maria"]
[Result "1-0"]
[WhiteElo "1001"]
[BlackElo "1022"]
[PlyCount "79"]
[EventDate "2014.04.06"]
[EventType "swiss"]
[EventRounds "9"]
[EventCountry "ROU"]
[SourceTitle "CBM 160 Extra"]
[Source "ChessBase"]
[SourceDate "2014.07.01"]
[SourceVersion "1"]
[SourceVersionDate "2014.07.01"]
[SourceQuality "1"]

1. e4 c5 2. Nf3 g6 3. Nc3 Bg7 4. d4 Na6 5. Be3 d6 6. h3 Qb6 7. b3 Qb4 8. Qd2 Qb6 9. d5 Nf6 10. Bc4 0-0 11. 0-0 Qc7 12. Rad1 Qd7 13. Rfe1 Nc7 14. e5 Ng4 15. Bf4 b5 16. Nxb5 Nxb5 17. Bxb5 Qxb5 18. hxg4 Bxg4 19. exd6 e6 20. dxe6 fxe6 21. d7 Qb6 22. Bh6 Qc7 23. Bxg7 Kxg7 24. Re4 h5 25. Rde1 Rad8 26. Ne5 Bf5 27. R4e3 h4 28. Kh2 Rh8 29. f3 Rde8 30. dxe8Q Rxe8 31. g4 Rd8 32. Qxd8 Qxd8 33. gxf5 Qd2+ 34. R1e2 Qd4 35. fxe6 Qd6 36. Kh3 g5 37. e7 Qxe7 38. a3 Kh6 39. Ng4+ Kg6 40. Rxe7 1-0